000 00249 a2200097 4500
001 41761
100 _aShakespeare W
245 _aThe Phys and Sonnets of William Shakespeare
260 _aLondon
_bEncyclopedia Britannica
_c
090 _c25873
_d25873
942 _aNUST-CAE
_cM
_c17639
999 _c276834
_d276834